00263nam a2200109Ia 450000500170000000800410001704100080005810000150006624500220008126000300010330000200013320251223131551.0251219s9999 xx 000 0 und d aeng aPremchand  a21 Anmol Kahaniya bMaple Press / Noidac2014 a207bPaper Back